Compreender as alergias (Registo nº 1094)

Detalhes MARC
000 -Etiqueta do registo
Cabeçalho 00862nam a2200301 i 4500
005 - Identificador da versão
Campo de controlo 20240813121825.0
010 ## - Número internacional normalizado dos livros (ISBN)
Número (ISBN) 9789720351074
021 ## - Número do Depósito Legal
Código do país PT
Número 246496/06
100 ## - Dados gerais de processamento
Dados gerais de processamento 20081013e20072006m y0pory5003 ba
102 ## - Pais de publicação ou produção
País de publicação Portugal
101 1# - Língua de publicação
Língua do texto, banda sonora, etc. Português
Língua do documento no original Inglês
106 ## - Campo de dados codificados: material textual
Dados codificados do material textual r
105 ## - Campo de dados codificados: livros
Dados codificados dos livros a z 001yy
215 ## - Descrição física 
Indicação específica da natureza do documento e extensão da espécie 112 p.
Outras indicações físicas il.
Dimensões 19 cm
200 1# - Titulo e menção de responsabilidade
Título próprio Compreender as alergias
Primeira menção de responsabilidade Joanne Clough
Outras menções de responsabilidade adapt. Assunção Megre
-- rev. cient. Alice Coimbra
225 2# - Colecção 
Título próprio da colecção Guia de saúde
205 ## - Menção da edição
Menção da edição [1a ed.
Outras menções de edição 1a reimp.]
210 ## - Publicação, Distribuição, etc. 
Lugar da edição, distribuição, etc. Porto
Nome do editor, distribuidor, etc. Porto Editora
Data da publicação, distribuição, etc. 2007
304 ## - Notas relativas a título e menção de responsabilidade 
Texto da nota Tít orig.: Understanding allergies
675 ## - Classificação Decimal Universal (CDU)
Notação 616-022.8(035)
Edição BN
Língua da edição por
702 #1 - Nome de autor-pessoa física (responsabilidade secundária)
Número de registo de entrada de autoridade 0001476
Palavra de ordem Coimbra
Outra parte do nome não tomada para palavra de ordem Alice
Código de função Autor de recensão / Crítico
Número de registo de entrada de autoridade 0001477
Palavra de ordem Megre
Outra parte do nome não tomada para palavra de ordem Assunção
Código de função Tradutor
700 #1 - Nome de autor-pessoa física (responsabilidade principal)
Número de registo de entrada de autoridade 0001475
Palavra de ordem Clough
Outra parte do nome não tomada para palavra de ordem Joanne
942 ## - Elementos de entrada adicionados (Koha)
Tipo de item no Koha Livro
Exemplares
Situação do levantamento Origin of item (home branch) (coded) Biblioteca de empréstimo Código de barras Cota Circulation type (not for loan) Tipo de documento Nota do exemplar Damaged status
  Biblioteca Escolar Eng. Nuno Mergulhão Biblioteca Escolar Eng. Nuno Mergulhão BENM1982 616 CLO   Livro Sem mensagem